Personnages de Star Wars par temps d'écran par film - Statistiques

Statistiques générales
  • Ce quiz a été pris 13 902 fois
    13 264 depuis la dernière actualisation
  • Le résultat moyen est 20 sur 54
Statistiques - réponses
% Correct
La Menace Fantôme Anakin Skywalker / Dark Vador 23:30
100%
Un Nouvel Espoir Luke Skywalker 37:30
95%
Un Nouvel Espoir Han Solo 19:30
89%
La Menace Fantôme Obi-Wan Kenobi 21:15
89%
Un Nouvel Espoir Leia Organa 13:30
88%
L'Attaque des clones Maître Yoda 9:45
88%
La Menace Fantôme Palpatine / Dark Sidious 7:15
85%
La Menace Fantôme R2-D2 7:15
84%
La Menace Fantôme Padmé Amidala 21:30
81%
L'Attaque des clones C-3PO 4:15
80%
Un Nouvel Espoir Chewbacca 11
77%
Le Réveil de la Force Rey 43
75%
Le Réveil de la Force Kylo Ren 19
71%
La Menace Fantôme Dark Maul 6
68%
La Menace Fantôme Qui-Gon Jinn 35:30
65%
La Menace Fantôme Jar Jar Binks 17:45
64%
L'Attaque des clones Mace Windu 7
61%
Le Réveil de la Force Finn 31:45
56%
Le Retour du Jedi Jabba le Hutt 6:15
48%
Le Réveil de la Force Poe Dameron 8:45
44%
Le Réveil de la Force BB-8 10:45
43%
L'Attaque des clones Comte Dooku 9:30
42%
L'Attaque des clones Jango Fett 4:45
41%
L'Empire contre-attaque Lando Calrissian 9:15
41%
La Revanche des Siths Général Grievous 6
38%
La Menace Fantôme Shmi Skywalker 7:15
26%
Rogue One Cassian Andor 25
24%
Les Derniers Jedi Suprême Leader Snoke 4:45
23%
Les Derniers Jedi Rose Tico 13
22%
La Revanche des Siths Bail Organa 4:30
20%
Un Nouvel Espoir Grand Moff Tarkin 5:30
19%
Rogue One Jyn Erso 36
18%
Le Réveil de la Force Général Hux 3:45
14%
Rogue One Galen Erso 6:30
13%
Un Nouvel Espoir Owen Lars 3:15
13%
Rogue One K-2SO 9
11%
Rogue One Orson Krennic 10
11%
Le Réveil de la Force Maz Kanata 4
10%
Rogue One Saw Gerrera 4:45
8%
La Menace Fantôme Capitaine Panaka 7:30
7%
Rogue One Chirrut Imwe 9
7%
Solo: A Star Wars Story Qi'ra 29:30
7%
Solo: A Star Wars Story Val 5:15
6%
Les Derniers Jedi Amilyn Holdo 5:30
5%
Rogue One Baze Malbus 8:15
5%
Rogue One Bodhi Rook 11:45
4%
L'Empire contre-attaque Amiral Piett 2:15
3%
Solo: A Star Wars Story Dryden Vos 7:30
3%
Solo: A Star Wars Story Enfys Nest 4:15
3%
Solo: A Star Wars Story L3-37 7:15
3%
Solo: A Star Wars Story Tobias Beckett 22:30
3%
L'Ascension de Skywalker Zorii Bliss 4:30
3%
L'Ascension de Skywalker Jannah 5
2%
Solo: A Star Wars Story Rio Durant 3:00
2%
Aucun quiz correspondant
Distribution des résultats
% des personnes avec chaque résultat
Percentile par nombre de réponses
Votre historique - résultats
Vous n’avez pas pris ce quiz depuis la dernière actualisation